| 000 | 00798nam0a22002531 4500 | ||
|---|---|---|---|
| 001 | v19\rc\1221900 | ||
| 005 | 20250617223531.0 | ||
| 035 | _a(NLR Aleph) 004383865 | ||
| 090 |
_a3662451 _c3662451 |
||
| 100 | _a20060306d1876 |||y0rusy50 ca | ||
| 101 | 0 | _arus | |
| 102 | _aRU | ||
| 105 | _ay z ||||| | ||
| 200 | 1 |
_aГосударственное право _eII кл. _e[Конспект лекций] _fПр. Мартенс |
|
| 210 |
_a[Санкт-Петербург _d1876] |
||
| 215 | _a145-467 с. | ||
| 300 | _aЭкз. РНБ (): деф.: нет начала | ||
| 309 | _aЛитогр. | ||
| 700 | 1 |
_aМартенс _bФ.Ф. _f1845-1909 _gФедор Федорович |
|
| 801 | 0 |
_aRU _bNLR _gpsbo |
|
| 801 | 1 |
_aRU _bProSoft-M _2rusmarc |
|
| 852 |
_aNLR _j18.175.14 |
||
| 942 | _cBOOK | ||
| 980 | _aNB | ||